000 00509pab a2200181 454500
008 180718b1993 xxu||||| |||| 00| 0 eng d
100 _aChandra, Shanta Kohli
245 _aSustainability of social service sector programmes in India
260 _c1993
300 _ap.498-502.
362 _aJul-Sep
650 _aSustainable development - India
650 _aSocial services - India
650 _aSocial services
773 _aIndian Journal of Public Administration
908 _aN
909 _a89141
999 _c89141
_d89141